Aprendamos lengua 9 /
Guardado en:
| Autor Principal: | |
|---|---|
| Formato: | Libro |
| Publicado: |
Córdoba :
Comunicarte,2006
|
| Edición: | 2a |
| Etiquetas: |
Agregar Etiqueta
Sin Etiquetas, Sea el primero en etiquetar este registro!
|
| LEADER | 00780nam a22001695a 4500 | ||
|---|---|---|---|
| 001 | CEM.cems018649 | ||
| 005 | 20181206170636.0 | ||
| 008 | 130507b######################000#0#####d | ||
| 003 | CEMS | ||
| 020 | |a 9789876020329 | ||
| 100 | 1 | |a Ferrero de Ellena, Isabel | |
| 245 | 1 | 0 | |a Aprendamos lengua 9 / |c Myriam Delgado y Isabel Ferrero de Ellena |
| 250 | |a 2a | ||
| 260 | |a Córdoba : |b Comunicarte,2006 | ||
| 300 | |a 152 p. | ||
| 505 | 0 | |a Textos narrativos ficcionales -- Textos narrativos no ficcionales. La crónica deportiva -- Textos narrativos no ficcionales. La crónica policial -- Origen y evolución de la lengua española -- Textos expositivos. Textos expositivos de divulgación científica -- Textos epistolares -- Textos argumentativos | |
| 859 | |a CEMS |b BIB. CEMS - Agricultura |p A3164.18 |t Ej.1 | ||
